Camūkattil nām. (Record no. 67114)

MARC details
000 -LEADER
fixed length control field 00690cam a22002651 4500
001 - CONTROL NUMBER
control field sa 66000203
003 - CONTROL NUMBER IDENTIFIER
control field DLC
005 - DATE AND TIME OF LATEST TRANSACTION
control field 20260227112213.0
008 - FIXED-LENGTH DATA ELEMENTS--GENERAL INFORMATION
fixed length control field 950117s1961 ii a b 000 0 tamo
010 ## - LIBRARY OF CONGRESS CONTROL NUMBER
LC control number sa 66000203
025 ## - OVERSEAS ACQUISITION NUMBER
Overseas acquisition number PL480:I-T-136
035 ## - SYSTEM CONTROL NUMBER
System control number (OCoLC)31829355
040 ## - CATALOGING SOURCE
Original cataloging agency DLC
Transcribing agency CU
Modifying agency CU
-- DLC
042 ## - AUTHENTICATION CODE
Authentication code premarc
050 00 - LIBRARY OF CONGRESS CALL NUMBER
Classification number HM251
Item number .B473
100 2# - MAIN ENTRY--PERSONAL NAME
Personal name Besant Creeper Raj, Arumai,
Dates associated with a name 1933-
245 10 - TITLE STATEMENT
Title Camūkattil nām.
260 ## - PUBLICATION, DISTRIBUTION, ETC.
Date of publication, distribution, etc. [1961]
300 ## - PHYSICAL DESCRIPTION
Extent xiv, 298 p.
Other physical details ill.
Dimensions 21 cm.
500 ## - GENERAL NOTE
General note In Tamil.
500 ## - GENERAL NOTE
General note Added title: Samoohatthil naam.
504 ## - BIBLIOGRAPHY, ETC. NOTE
Bibliography, etc. note Includes bibliographies.
650 #0 - SUBJECT ADDED ENTRY--TOPICAL TERM
Topical term or geographic name entry element Social psychology.
740 0# - ADDED ENTRY--UNCONTROLLED RELATED/ANALYTICAL TITLE
Uncontrolled related/analytical title Samoohatthil naam.

No items available.

Powered by Koha